| 000 | 00924nam a2200217 u 4500 | ||
|---|---|---|---|
| 001 | 000398541 | ||
| 003 | AM-YeHGA | ||
| 005 | 20250618072351.0 | ||
| 008 | 041220s1988 ai r 000 0 rus d | ||
| 040 | _aAM-YeHGA | ||
| 041 | 0 | _arus | |
| 100 | 1 |
_aԱղուզումցյան, Ռուբեն Վազգենի, _d1945- _92120 |
|
| 245 | 1 | 0 |
_aПрофессиональный психологический отбор : _bЛекция / _cР.В. Агузумцян, Р.Р. Степанян; ЕГУ. |
| 260 |
_aЕреван : _bИзд-во Ерев. ун-та, _c1988. |
||
| 300 |
_a28 с. : _bтабл. ; _c20 см. |
||
| 504 | _aБиблиогр.: с. 26 (14 наим.) | ||
| 650 | 1 | 4 |
_aПрофессиональный отбор _xПсихология |
| 700 | 1 | _aСтепанян, Роберт Рафаэлович | |
| 710 | 2 | _aЕревансский государственный университет | |
| 090 | _c152378 | ||
| 999 |
_c150985 _d150985 |
||